00729nam a22002057a 450000500170000000800410001702000220005808200200008010000350010024500860013525000140022126000470023530000230028250400200030554100090032565000250033470000350035995201140039499900150050820230216052814.0230216b |||||||| |||| 00| 0 eng d a978-1-259-25318-8 a658.5 H654 2015 aHillier, Frederick S.eauthor  aIntroduction to operations research /cFrederick S. Hillier, Gerald J. Lieberman  a10th ed.  aNew York:bMcGraw-Hill Education, cc2015. axxx, 1010p.;bill. aIncludes index  e5240 aOperations research  aLieberman, Gerald J. eauthor  00102ddc4070aCTUMBbCTUMBd2018-03-08l0o658.5 H654 2015p5240r2026-01-16 03:58:45t1w2023-02-16yBK-R c1179d1179